Подробности
| 000 -МАРКЕР |
| контрольное поле |
02913nam2a22003971 4500 |
| 001 - ИДЕНТИФИКАТОР ЗАПИСИ |
| контрольное поле |
rc\720709 |
| 005 - ИДЕНТИФИКАТОР ВЕРСИИ |
| контрольное поле |
20250621233034.0 |
| 010 ## - МЕЖДУНАРОДНЫЙ СТАНДАРТНЫЙ НОМЕР КНИГИ (ISBN) |
| Номер (ISBN) |
5-89091-013-2 |
| Тираж |
8000 |
| 035 ## - ДРУГИЕ СИСТЕМНЫЕ НОМЕРА |
| Идентификатор записи |
(NLR Aleph) 005977306 |
| 100 ## - ДАННЫЕ ОБЩЕЙ ОБРАБОТКИ |
| Данные общей обработки |
20031121d1997 |||y0rusy50 ca |
| 101 0# - ЯЗЫК РЕСУРСА |
| Язык текста, звукозаписи и т.д. |
русский |
| 102 ## - СТРАНА ПУБЛИКАЦИИ ИЛИ ПРОИЗВОДСТВА |
| Страна публикации |
Российская Федерация |
| 105 ## - ПОЛЕ КОДИРОВАННЫХ ДАННЫХ: ТЕКСТОВЫЕ МАТЕРИАЛЫ, МОНОГРАФИЧЕСКИЕ |
| Кодированные данные о монографическом текстовом документе |
y ||||||||| |
| 200 0# - ЗАГЛАВИЕ И СВЕДЕНИЯ ОБ ОТВЕТСТВЕННОСТИ |
| Основное заглавие |
Т. 10 |
| 210 ## - ПУБЛИКАЦИЯ, РАСПРОСТРАНЕНИЕ И ДР. |
| Дата издания, распространения и т.д. |
1997 |
| Место издания, распространения и т.д. |
Б. м. |
| 215 ## - ФИЗИЧЕСКАЯ ХАРАКТЕРИСТИКА |
| Специфическое обозначение материала и объем |
415 с. |
| 327 1# - ПРИМЕЧАНИЯ О СОДЕРЖАНИИ |
| Текст примечания |
Содерж.: Романы: Открытие Рафлза Хоу; Маракотова бездна. Рассказы: Необычайный эксперимент в Кайнплатце; Тайна замка Горсори-Грэндж; Джордж Венн и привидение; Почему в новых домах водятся привидения; Карета призраков; Секрет комнаты кузена Джеффри; Злополучный выстрел; Тайна Колверли-Корта; Ужас расщелины Голубого Джона; Рука-призрак |
| 461 #0 - УРОВЕНЬ НАБОРА |
| Встроенное поле |
001rc\1188699 |
| -- |
2001#$aСобрание сочинений$fКонан Дойль$g[Сост. А.В. Глебовской]$vТ. 10 |
| -- |
700#1$aДойль$bА.К.$gАртур Конан$f1859-1930 |
| Системный номер (АБИС) связанной записи |
6957777 |
| Автор |
Дойл, А. К. (1859-1930) |
| Место публикации |
СПб. |
| Дата публикации |
1997 |
| Первые сведения об ответственности |
Конан Дойль |
| Имя издателя, распространителя и т.д. |
Симпозиум |
| Заглавие |
Собрание сочинений |
| ISBN |
5890910035 |
| Номер тома |
Т. 10 |
| 464 #0 - АНАЛИТИЧЕСКИЙ УРОВЕНЬ |
| Встроенное поле |
2001#$aОткрытие Рафлза Хоу |
| Заглавие |
Открытие Рафлза Хоу |
| 464 #0 - АНАЛИТИЧЕСКИЙ УРОВЕНЬ |
| Встроенное поле |
2001#$aМаракотова бездна |
| Заглавие |
Маракотова бездна |
| 464 #0 - АНАЛИТИЧЕСКИЙ УРОВЕНЬ |
| Встроенное поле |
2001#$aНеобычайный эксперимент в Кайнплатце |
| Заглавие |
Необычайный эксперимент в Кайнплатце |
| 464 #0 - АНАЛИТИЧЕСКИЙ УРОВЕНЬ |
| Встроенное поле |
2001#$aТайна замка Горсори-Грэндж |
| Заглавие |
Тайна замка Горсори-Грэндж |
| 464 #0 - АНАЛИТИЧЕСКИЙ УРОВЕНЬ |
| Встроенное поле |
2001#$aДжордж Венн и привидение |
| Заглавие |
Джордж Венн и привидение |
| 464 #0 - АНАЛИТИЧЕСКИЙ УРОВЕНЬ |
| Встроенное поле |
2001#$aПочему в новых домах водятся привидения |
| Заглавие |
Почему в новых домах водятся привидения |
| 464 #0 - АНАЛИТИЧЕСКИЙ УРОВЕНЬ |
| Встроенное поле |
2001#$aКарета призраков |
| Заглавие |
Карета призраков |
| 464 #0 - АНАЛИТИЧЕСКИЙ УРОВЕНЬ |
| Встроенное поле |
2001#$aСекрет комнаты кузена Джеффри |
| Заглавие |
Секрет комнаты кузена Джеффри |
| 464 #0 - АНАЛИТИЧЕСКИЙ УРОВЕНЬ |
| Встроенное поле |
2001#$aЗлополучный выстрел |
| Заглавие |
Злополучный выстрел |
| 464 #0 - АНАЛИТИЧЕСКИЙ УРОВЕНЬ |
| Встроенное поле |
2001#$aТайна Колверли-Корта |
| Заглавие |
Тайна Колверли-Корта |
| 464 #0 - АНАЛИТИЧЕСКИЙ УРОВЕНЬ |
| Встроенное поле |
2001#$aУжас расщелины Голубого Джона |
| Заглавие |
Ужас расщелины Голубого Джона |
| 464 #0 - АНАЛИТИЧЕСКИЙ УРОВЕНЬ |
| Встроенное поле |
2001#$aРука-призрак |
| Заглавие |
Рука-призрак |
| 801 #0 - ИСТОЧНИК ЗАПИСИ |
| Страна |
Российская Федерация |
| Организация |
NLR |
| Правила каталогизации |
psbo |
| 801 #1 - ИСТОЧНИК ЗАПИСИ |
| Страна |
Российская Федерация |
| Организация |
ELAR |
| Источник данных |
rusmarc |
| 852 ## - МЕСТОНАХОЖДЕНИЕ И ШИФР ХРАНЕНИЯ |
| Идентификатор организации |
NLR |
| Шифр хранения (Call Number) |
96-3/8396 |
| 942 ## - ДОПОЛНИТЕЛЬНЫЕ ЭЛЕМЕНТЫ ЗАПИСИ (АБИС) |
| Тип экземпляра АБИС |
Книга |
| 980 ## - КОЛЛЕКЦИЯ |
| Название коллекции |
Национальная библиография |